[Event "Landesliga Sued 0809"]
[Site "Bayern"]
[Date "2008.10.05"]
[Round "1.8"]
[White "Callenberg, Ralf"]
[Black "Taimanov, Alexandre"]
[Result "0-1"]
[WhiteElo "2018"]
[BlackElo "2051"]
[PlyCount "68"]
[EventDate "2008.10.05"]
[EventType "team-tourn"]
[EventRounds "9"]
[EventCountry "GER"]
[SourceTitle "EXT 2020"]
[Source "ChessBase"]
[SourceDate "2019.10.17"]
[SourceVersion "1"]
[SourceVersionDate "2019.10.17"]
[SourceQuality "1"]
[WhiteTeam "Muenchen Zugzwang"]
[BlackTeam "Sendling"]
[WhiteTeamCountry "GER"]
[BlackTeamCountry "GER"]

1. c4 Nf6 2. g3 g6 3. Bg2 Bg7 4. Nc3 e5 5. Nf3 Nc6 6. d4 exd4 7. Nxd4 0-0 8. 0-0 Re8 9. e3 h5 10. h3 Ne7 11. e4 d6 12. Be3 Bd7 13. Nf3 Nc6 14. Ng5 Ne5 15. b3 Bc6 16. Rc1 Nh7 17. Qd2 Nd7 18. Nd5 Ndf8 19. b4 a6 20. Nc3 b6 21. Rce1 Bxc3 22. Qxc3 Nxg5 23. f4 Nxe4 24. Bxe4 Rxe4 25. f5 Qe7 26. Bd4 gxf5 27. Bh8 Qg5 28. Bf6 Qg6 29. Rxe4 Bxe4 30. Rf4 Nd7 31. Bh4 Ne5 32. Kh2 Re8 33. a4 Qe6 34. c5 Qa2+ 0-1

[Event "Landesliga Sued 0708"]
[Site "Bayern"]
[Date "2008.01.20"]
[Round "5.4"]
[White "Wolf, Armin"]
[Black "Taimanov, Alexandre"]
[Result "0-1"]
[WhiteElo "2124"]
[BlackElo "2071"]
[PlyCount "58"]
[EventDate "2007.10.21"]
[EventType "team-tourn"]
[EventRounds "9"]
[EventCountry "GER"]
[SourceTitle "EXT 2009"]
[Source "ChessBase"]
[SourceDate "2008.11.26"]
[SourceVersion "1"]
[SourceVersionDate "2008.11.26"]
[SourceQuality "1"]
[WhiteTeam "Haunstetten"]
[BlackTeam "Sendling"]
[WhiteTeamCountry "GER"]
[BlackTeamCountry "GER"]

1. e4 d6 2. d4 Nf6 3. Nc3 g6 4. Be2 Bg7 5. h4 h5 6. Nf3 Bg4 7. Bg5 Nbd7 8. Qd2 Nh7 9. Bh6 Kf8 10. 0-0-0 c6 11. Kb1 a6 12. e5 d5 13. Nh2 Bxe2 14. Nxe2 e6 15. g4 hxg4 16. Nxg4 Bxh6 17. Nxh6 Qe7 18. Rdg1 Ke8 19. h5 Ndf8 20. Rh3 g5 21. f4 f6 22. exf6 Nxf6 23. fxg5 Ne4 24. Qf4 Nxg5 25. Rxg5 Rxh6 26. Re5 Rf6 27. Qg4 Rf1+ 28. Nc1 Kd7 29. c4 Qh7+ 0-1

[Event "Regionalliga SW 0607"]
[Site "Bayern"]
[Date "2007.04.01"]
[Round "8.4"]
[White "Kuebler, Uwe"]
[Black "Taimanov, Alexandre"]
[Result "1-0"]
[WhiteElo "1989"]
[BlackElo "2073"]
[PlyCount "91"]
[EventDate "2006.10.15"]
[EventType "team-tourn"]
[EventRounds "9"]
[EventCountry "GER"]
[SourceTitle "EXT 2008"]
[Source "ChessBase"]
[SourceDate "2007.11.25"]
[SourceVersion "1"]
[SourceVersionDate "2007.11.25"]
[SourceQuality "1"]
[WhiteTeam "Muenchen Tarrasch II"]
[BlackTeam "Muenchen Sendling"]
[WhiteTeamCountry "GER"]
[BlackTeamCountry "GER"]

1. Nf3 Nf6 2. c4 g6 3. Nc3 Bg7 4. e4 d6 5. d4 Bg4 6. Be2 Nfd7 7. 0-0 e5 8. Bg5 f6 9. Be3 Bxf3 10. Bxf3 Nc6 11. d5 Ne7 12. Bg4 f5 13. exf5 h5 14. Bf3 Nxf5 15. Be4 Qe7 16. Nb5 Nf6 17. Bxf5 gxf5 18. Nxa7 f4 19. Bd4 0-0 20. Re1 Qf7 21. Nb5 exd4 22. Nxd4 Ng4 23. Ne6 Rfe8 24. Qc2 Bh6 25. h3 Ne5 26. f3 b6 27. a4 Re7 28. b4 Qg6 29. Qb3 Qd3 30. Qxd3 Nxd3 31. Reb1 Ne5 32. c5 Nf7 33. a5 bxc5 34. bxc5 c6 35. cxd6 Nxd6 36. Rb6 cxd5 37. Rxd6 Rae8 38. a6 Ra8 39. Rd8+ Rxd8 40. Nxd8 Bg7 41. Ra4 Ra7 42. Nc6 Ra8 43. a7 Bf8 44. Ra5 Kf7 45. Rxd5 Ke6 46. Rd8 1-0

[Event "Regionalliga SW 0607"]
[Site "Bayern"]
[Date "2007.03.18"]
[Round "7.4"]
[White "Taimanov, Alexandre"]
[Black "Nuber, Korbinian"]
[Result "1-0"]
[WhiteElo "2073"]
[BlackElo "2042"]
[PlyCount "79"]
[EventDate "2006.10.15"]
[EventType "team-tourn"]
[EventRounds "9"]
[EventCountry "GER"]
[SourceTitle "EXT 2008"]
[Source "ChessBase"]
[SourceDate "2007.11.25"]
[SourceVersion "1"]
[SourceVersionDate "2007.11.25"]
[SourceQuality "1"]
[WhiteTeam "Muenchen Sendling"]
[BlackTeam "Dillingen"]
[WhiteTeamCountry "GER"]
[BlackTeamCountry "GER"]

1. c4 g6 2. e4 Bg7 3. d4 Nc6 4. Ne2 e5 5. d5 Nd4 6. Nxd4 exd4 7. Bd3 d6 8. 0-0 Ne7 9. f4 f5 10. Nd2 0-0 11. Re1 c6 12. dxc6 bxc6 13. b4 Kh8 14. Rb1 fxe4 15. Nxe4 Bf5 16. Ng5 Qd7 17. Qc2 Bxd3 18. Qxd3 Nf5 19. Bd2 Rae8 20. Nf3 Rf7 21. Rxe8+ Qxe8 22. Re1 Qd7 23. a4 Re7 24. Rxe7 Qxe7 25. Kf2 h5 26. b5 cxb5 27. cxb5 Qc7 28. g3 Qc5 29. h3 Bf6 30. g4 hxg4 31. hxg4 Ne7 32. Qe4 Qd5 33. Qxd5 Nxd5 34. Ke2 Nc7 35. Kd3 Kg7 36. g5 Be7 37. Nxd4 d5 38. Nc6 Bc5 39. Be3 Ne6 40. a5 1-0

[Event "Regionalliga SW 0607"]
[Site "Bayern"]
[Date "2006.12.10"]
[Round "4.4"]
[White "Taimanov, Alexandre"]
[Black "Schulz, Michael2222"]
[Result "1-0"]
[WhiteElo "2073"]
[BlackElo "2171"]
[PlyCount "75"]
[EventDate "2006.10.15"]
[EventType "team-tourn"]
[EventRounds "9"]
[EventCountry "GER"]
[SourceTitle "EXT 2008"]
[Source "ChessBase"]
[SourceDate "2007.11.25"]
[SourceVersion "1"]
[SourceVersionDate "2007.11.25"]
[SourceQuality "1"]
[WhiteTeam "Muenchen Sendling"]
[BlackTeam "Bayern Muenchen III"]
[WhiteTeamCountry "GER"]
[BlackTeamCountry "GER"]

1. c4 c5 2. Nf3 g6 3. d4 cxd4 4. Nxd4 Nc6 5. e4 Nf6 6. Nc3 Nxd4 7. Qxd4 d6 8. Be2 Bg7 9. 0-0 0-0 10. Qd3 Nd7 11. Be3 Nc5 12. Qc2 a5 13. f3 Be6 14. Rac1 Qb6 15. Rfd1 Bh6 16. Bd4 Bxc1 17. Qxc1 Rac8 18. Qh6 f6 19. b3 Qb4 20. Nb5 Nd7 21. f4 Bf7 22. Qh3 a4 23. Qxd7 e5 24. Bf2 axb3 25. axb3 Qxb3 26. Nxd6 Rcd8 27. Qe7 Qc2 28. Kf1 Qc3 29. f5 gxf5 30. Be1 Qc2 31. Nxf7 Rxf7 32. Qxd8+ Kg7 33. Qd3 Qa4 34. exf5 Qc6 35. Bf3 Qc7 36. Bd5 Rf8 37. Be6 e4 38. Qd7+ 1-0

[Event "Regionalliga SW 0506"]
[Site "Bayern"]
[Date "2006.02.19"]
[Round "7.4"]
[White "Nuber, Korbinian"]
[Black "Taimanov, Alexandre"]
[Result "1/2-1/2"]
[WhiteElo "2068"]
[BlackElo "2117"]
[PlyCount "54"]
[EventDate "2005.10.23"]
[EventType "team-tourn"]
[EventRounds "9"]
[EventCountry "GER"]
[SourceTitle "EXT 2007"]
[Source "ChessBase"]
[SourceDate "2006.11.23"]
[SourceVersion "1"]
[SourceVersionDate "2006.11.23"]
[SourceQuality "1"]

1. e4 d6 2. d4 Nf6 3. Nc3 g6 4. f4 Bg7 5. Nf3 c5 6. Bb5+ Bd7 7. e5 Ng4 8. e6 Bxb5 9. exf7+ Kd7 10. Nxb5 Qa5+ 11. Nc3 cxd4 12. Nxd4 Bxd4 13. Qxg4+ Qf5 14. Qxf5+ gxf5 15. Ne2 Nc6 16. Nxd4 Nxd4 17. Kd1 Rac8 18. c3 Ne6 19. Be3 a6 20. Ke2 h5 21. Kf3 Rhf8 22. Rhg1 Rxf7 23. g3 Nc5 24. Bxc5 Rxc5 25. Rad1 b5 26. Rd4 Rf8 27. Rg2 Rfc8 1/2-1/2

[Event "Munich-ch VM2"]
[Site "Munich"]
[Date "2006.02.10"]
[Round "7"]
[White "Santl, Anton"]
[Black "Taimanov, Alexandre"]
[Result "1-0"]
[WhiteElo "2116"]
[BlackElo "2117"]
[PlyCount "79"]
[EventDate "2006.01.20"]
[EventType "tourn"]
[EventRounds "9"]
[EventCountry "GER"]
[SourceTitle "EXT 2007"]
[Source "ChessBase"]
[SourceDate "2006.11.23"]
[SourceVersion "1"]
[SourceVersionDate "2006.11.23"]
[SourceQuality "1"]

1. Nf3 Nf6 2. c4 d6 3. d4 g6 4. g3 Bg7 5. Bg2 0-0 6. 0-0 c6 7. Nc3 Nbd7 8. h3 e5 9. e4 Ne8 10. Bg5 f6 11. Be3 Qe7 12. b4 f5 13. d5 h6 14. dxc6 bxc6 15. b5 Ndf6 16. bxc6 Be6 17. Qa4 Qf7 18. Rfb1 Nxe4 19. Nxe4 fxe4 20. Rb7 Qf5 21. Nd2 Qh5 22. g4 Qh4 23. Nxe4 Nf6 24. Nxf6+ Bxf6 25. Qc2 Bf7 26. Rab1 h5 27. gxh5 gxh5 28. Bd5 e4 29. Rxf7 Rxf7 30. Rb7 Raf8 31. Rxf7 Rxf7 32. c5 dxc5 33. Qb3 Qxh3 34. Bxf7+ Kg7 35. Be6 Qh4 36. c7 Be5 37. c8Q Qh2+ 38. Kf1 Qh1+ 39. Ke2 Qf3+ 40. Kd2 1-0

[Event "Regionalliga SW 0506"]
[Site "Bayern"]
[Date "2005.12.11"]
[Round "4.4"]
[White "Osipov, Andrey Viacheslavov"]
[Black "Taimanov, Alexandre"]
[Result "1-0"]
[WhiteElo "1907"]
[BlackElo "2117"]
[PlyCount "165"]
[EventDate "2005.10.23"]
[EventType "team-tourn"]
[EventRounds "9"]
[EventCountry "GER"]
[SourceTitle "EXT 2007"]
[Source "ChessBase"]
[SourceDate "2006.11.23"]
[SourceVersion "1"]
[SourceVersionDate "2006.11.23"]
[SourceQuality "1"]

1. e4 d6 2. d4 Nf6 3. Nc3 g6 4. Nf3 Bg7 5. Be2 Bg4 6. Be3 0-0 7. h3 Bxf3 8. Bxf3 Nbd7 9. 0-0 e5 10. Qd2 c6 11. dxe5 dxe5 12. Na4 Re8 13. c4 Bf8 14. Rfd1 Qc7 15. Qc2 Be7 16. c5 Nf8 17. Rd3 Ne6 18. Rad1 Red8 19. b4 Rxd3 20. Rxd3 Rd8 21. Qc3 Rxd3 22. Qxd3 Qd8 23. Nb2 Qxd3 24. Nxd3 Nd7 25. Bg4 h5 26. Bxe6 fxe6 27. Bd2 Bd8 28. Bc3 Bc7 29. f3 Kf7 30. h4 Bb8 31. Kf2 Bc7 32. g4 Bb8 33. a4 a6 34. g5 Bc7 35. Ke3 Ke7 36. Nb2 Kf7 37. Kd3 Ke7 38. Nc4 Kd8 39. Na3 Kc8 40. Kc4 Kd8 41. Nc2 b5+ 42. cxb6 Bxb6 43. Be1 Kc7 44. Bg3 Bg1 45. Ne1 Kd6 46. Nd3 Be3 47. Bf2 Bxf2 48. Nxf2 Nb6+ 49. Kb3 c5 50. a5 Nc8 51. Nd3 cxb4 52. Nxb4 Kc5 53. Nxa6+ Kb5 54. Nc7+ Kxa5 55. Nxe6 Kb5 56. f4 exf4 57. Nxf4 Ne7 58. Kc3 Kc5 59. Kd3 Kd6 60. Ke3 Ke5 61. Nd3+ Ke6 62. Kf4 Nc6 63. Kf3 Nd4+ 64. Ke3 Nc6 65. Kf4 Nd4 66. Nb4 Ne2+ 67. Kf3 Nd4+ 68. Ke3 Nb5 69. Nd5 Nd6 70. Nf4+ Kf7 71. Kd4 Nb5+ 72. Kc5 Nc3 73. e5 Nd1 74. Kd6 Ne3 75. e6+ Ke8 76. Nxg6 Nc4+ 77. Kd5 Ne3+ 78. Kd6 Nc4+ 79. Kd5 Ne3+ 80. Ke5 Ng4+ 81. Kf4 Nf2 82. Kf5 Ng4 83. e7 1-0

[Event "Regionalliga SW 0405"]
[Site "Bayern"]
[Date "2005.02.13"]
[Round "7.5"]
[White "Waltenberger, Udo"]
[Black "Taimanov, Alexandre"]
[Result "1/2-1/2"]
[WhiteElo "1911"]
[BlackElo "2119"]
[PlyCount "44"]
[EventDate "2004.10.24"]
[EventType "team-tourn"]
[EventRounds "9"]
[EventCountry "GER"]
[SourceTitle "EXT 2007"]
[Source "ChessBase"]
[SourceDate "2006.11.23"]
[SourceVersion "1"]
[SourceVersionDate "2006.11.23"]
[SourceQuality "1"]
[WhiteTeam "Muenchen Schwabing/Nord II"]
[BlackTeam "Sendling SC"]
[WhiteTeamCountry "GER"]
[BlackTeamCountry "GER"]

1. Nf3 Nf6 2. d4 g6 3. c4 Bg7 4. g3 d6 5. Bg2 0-0 6. 0-0 c6 7. Nc3 Qa5 8. e4 Qh5 9. Ng5 Qxd1 10. Rxd1 e5 11. d5 c5 12. f4 Ne8 13. fxe5 Bxe5 14. Nf3 Bg4 15. Re1 Bxf3 16. Bxf3 Nd7 17. Bh6 Bg7 18. Bg5 Ne5 19. Be2 Bf6 20. Bh6 Bg7 21. Bg5 Bf6 22. Bh6 Bg7 1/2-1/2

[Event "Regionalliga SW 0405"]
[Site "Bayern"]
[Date "2005.01.16"]
[Round "5.5"]
[White "Taimanov, Alexandre"]
[Black "Albeker, Mark"]
[Result "1-0"]
[WhiteElo "2119"]
[BlackElo "2116"]
[PlyCount "167"]
[EventDate "2004.10.24"]
[EventType "team-tourn"]
[EventRounds "9"]
[EventCountry "GER"]
[SourceTitle "EXT 2007"]
[Source "ChessBase"]
[SourceDate "2006.11.23"]
[SourceVersion "1"]
[SourceVersionDate "2006.11.23"]
[SourceQuality "1"]
[WhiteTeam "Sendling SC"]
[BlackTeam "Haunstetten"]
[WhiteTeamCountry "GER"]
[BlackTeamCountry "GER"]

1. c4 e5 2. Nc3 Nc6 3. g3 g6 4. Bg2 Bg7 5. d3 d6 6. Rb1 a5 7. a3 Nf6 8. Nf3 0-0 9. 0-0 h6 10. h3 Be6 11. e4 Qd7 12. Kh2 Ne8 13. b4 axb4 14. axb4 Ne7 15. Qc2 c6 16. Na4 Nc8 17. c5 d5 18. Bb2 d4 19. Nd2 Nc7 20. Ra1 Nb5 21. Nc4 Qe7 22. Nab6 Nxb6 23. Nxb6 Rad8 24. Rae1 Qc7 25. Bc1 Kh7 26. f4 f5 27. Bd2 Rf7 28. Rf2 Rdf8 29. Ref1 Nc3 30. Qc1 fxe4 31. dxe4 Qe7 32. Qc2 h5 33. f5 Kh8 34. Kg1 gxf5 35. exf5 Bd5 36. Bxc3 Bxg2 37. Kxg2 dxc3 38. Qxc3 Qg5 39. Qc2 Rd8 40. Nc4 Rd4 41. Nd6 Rf8 42. Ne4 Qd8 43. Qe2 Qd5 44. Re1 Kg8 45. Kg1 Qc4 46. g4 Qxe2 47. Rexe2 hxg4 48. hxg4 Rxb4 49. f6 Bh8 50. g5 Kf7 51. Kg2 Kg6 52. Kg3 Rd8 53. Re3 Rdd4 54. f7 Bg7 55. Rf6+ Kh5 56. Kf3 Rd8 57. Re6 Rf8 58. g6 Rb1 59. Kf2 Rb2+ 60. Kf3 Rb1 61. Rd3 Rg1 62. Rdd6 Ra8 63. Ng3+ Kg5 64. Rd3 Rf8 65. Kf2 Ra1 66. Rf3 Ra2+ 67. Ne2 e4 68. Rxe4 Kxg6 69. Rg4+ Kh7 70. Rh3+ Bh6 71. Rf3 Rd2 72. Rf6 Rd7 73. Rgg6 Rfxf7 74. Rxh6+ Kg7 75. Rhg6+ Kf8 76. Nf4 Rxf6 77. Rxf6+ Ke7 78. Re6+ Kf7 79. Rh6 Kg7 80. Re6 Rd4 81. Ke3 Rc4 82. Nd3 Kf7 83. Rh6 Kg7 84. Rd6 1-0

[Event "Regionalliga SW 0304"]
[Site "Bayern"]
[Date "2004.03.28"]
[Round "8.6"]
[White "Taimanov, Alexandre"]
[Black "Schulze, Hubertus"]
[Result "1-0"]
[WhiteElo "2125"]
[BlackElo "2079"]
[PlyCount "97"]
[EventDate "2003.10.??"]
[EventType "team"]
[EventRounds "9"]
[EventCountry "GER"]
[SourceTitle "EXT 2006"]
[Source "ChessBase"]
[SourceDate "2005.11.24"]
[SourceVersion "1"]
[SourceVersionDate "2005.11.24"]
[SourceQuality "1"]
[WhiteTeam "Muenchen Sendling"]
[BlackTeam "Muenchen Tarrasch II"]
[WhiteTeamCountry "GER"]
[BlackTeamCountry "GER"]

1. d4 f5 2. Nf3 Nf6 3. c4 e6 4. g3 b6 5. Bg2 Bb7 6. 0-0 a5 7. Bg5 Be7 8. Bxf6 Bxf6 9. Nc3 0-0 10. Qd3 d6 11. e4 fxe4 12. Nxe4 Nd7 13. h4 Bxe4 14. Qxe4 Qe7 15. Rfe1 Rae8 16. Re2 Qf7 17. Rae1 Re7 18. Bh3 Rfe8 19. Qd3 e5 20. Bxd7 Rxd7 21. dxe5 dxe5 22. Qe4 g6 23. b3 Rde7 24. Rd1 Qe6 25. Kg2 Kg7 26. Rd5 Qf5 27. c5 Qxe4 28. Rxe4 Kf7 29. cxb6 cxb6 30. Rb5 Re6 31. Nd2 Bd8 32. Nc4 Bc7 33. Kf3 R8e7 34. Ne3 Ke8 35. Nd5 Rf7+ 36. Ke2 Bd8 37. Ne3 Rfe7 38. Nd5 Rd7 39. f4 Red6 40. Rxe5+ Kf7 41. a4 Rc6 42. h5 Rdd6 43. Kf3 Rc1 44. hxg6+ hxg6 45. Kg4 Rg1 46. Ne3 Bf6 47. Red5 Rc6 48. Nc4 Ke6 49. Rd3 1-0

[Event "Landesliga Sued 0203"]
[Site "Bayern"]
[Date "2003.01.26"]
[Round "5.6"]
[White "Taimanov, Alexandre"]
[Black "Lipok, Erik"]
[Result "1-0"]
[WhiteElo "2108"]
[BlackElo "2091"]
[PlyCount "79"]
[EventDate "2002.10.20"]
[EventType "team-tourn"]
[EventRounds "9"]
[EventCountry "GER"]
[SourceTitle "EXT 2004"]
[Source "ChessBase"]
[SourceDate "2003.11.25"]
[SourceVersion "1"]
[SourceVersionDate "2003.11.25"]
[SourceQuality "1"]
[WhiteTeam "Muenchen Sendling"]
[BlackTeam "Waldkirch"]
[WhiteTeamCountry "GER"]
[BlackTeamCountry "GER"]

1. c4 f5 2. Nf3 Nf6 3. g3 g6 4. Bg2 Bg7 5. 0-0 0-0 6. Nc3 d6 7. d4 c6 8. Bg5 Qc7 9. d5 c5 10. Qd2 Re8 11. Rad1 Nbd7 12. Rfe1 Ne4 13. Nxe4 fxe4 14. Nh4 Nf6 15. f3 exf3 16. exf3 Bd7 17. Bf1 a6 18. Ng2 b5 19. Nf4 Qb7 20. b3 b4 21. Bd3 a5 22. Re2 a4 23. Nxg6 e5 24. Nh4 axb3 25. axb3 Ra3 26. Bc2 Bc8 27. Rde1 Qf7 28. g4 Bd7 29. h3 Rea8 30. Bh6 Qf8 31. Bxg7 Kxg7 32. Qg5+ Kh8 33. f4 e4 34. Nf5 Ra1 35. Ng3 Rxe1+ 36. Rxe1 Ra2 37. Re2 Rb2 38. Nf5 e3 39. Nxe3 Ne4 40. Qh4 1-0

[Event "Landesliga Sued 0001"]
[Site "Bayern"]
[Date "2001.03.11"]
[Round "7"]
[White "Taimanov, Alexandre"]
[Black "Scheckenbach, Franz"]
[Result "1/2-1/2"]
[WhiteElo "2260"]
[BlackElo "2070"]
[PlyCount "88"]
[EventDate "2000.10.15"]
[EventType "team-tourn"]
[EventRounds "9"]
[EventCountry "GER"]
[SourceTitle "EXT 2020"]
[Source "ChessBase"]
[SourceDate "2019.10.17"]
[SourceVersion "1"]
[SourceVersionDate "2019.10.17"]
[SourceQuality "1"]
[WhiteTeam "Sendling SC"]
[BlackTeam "Groebenzell"]
[WhiteTeamCountry "GER"]
[BlackTeamCountry "GER"]

1. c4 e5 2. Nc3 Nf6 3. g3 d5 4. cxd5 Nxd5 5. Bg2 Nb6 6. d3 Be7 7. Nf3 Nc6 8. 0-0 0-0 9. Bd2 Be6 10. a3 f6 11. Qc2 Bg4 12. e3 Qd7 13. Rfc1 Bh3 14. b4 Bxg2 15. Kxg2 Rfd8 16. Ne1 a6 17. Ne4 Qd5 18. Kg1 Rac8 19. Nc5 Bxc5 20. Qxc5 Rd6 21. Qxd5+ Rxd5 22. a4 Kf7 23. Kf1 Ne7 24. Ke2 c6 25. e4 Rd7 26. Be3 Na8 27. f4 h6 28. Nf3 Rcd8 29. Ra3 Ng6 30. Rc5 Re8 31. b5 cxb5 32. axb5 axb5 33. Rxb5 exf4 34. gxf4 Ne7 35. Rab3 b6 36. Nd4 Nc8 37. e5 fxe5 38. fxe5 Ra7 39. Nf3 Nc7 40. R5b4 Nd5 41. Rb5 Nc7 42. R5b4 Nd5 43. Rb5 Nc7 44. R5b4 Nd5 1/2-1/2

[Event "Landesliga Sued 0001"]
[Site "Bayern"]
[Date "2001.02.18"]
[Round "6"]
[White "Taimanov, Alexandre"]
[Black "Gergen, Harald"]
[Result "1/2-1/2"]
[WhiteElo "2260"]
[BlackElo "2045"]
[PlyCount "78"]
[EventDate "2000.10.15"]
[EventType "team-tourn"]
[EventRounds "9"]
[EventCountry "GER"]
[SourceTitle "EXT 2020"]
[Source "ChessBase"]
[SourceDate "2019.10.17"]
[SourceVersion "1"]
[SourceVersionDate "2019.10.17"]
[SourceQuality "1"]
[WhiteTeam "Sendling SC"]
[BlackTeam "Kriegshaber SK"]
[WhiteTeamCountry "GER"]
[BlackTeamCountry "GER"]

1. c4 c6 2. Nf3 d5 3. Qc2 e6 4. b3 Nf6 5. Bb2 Nbd7 6. g3 Bd6 7. d4 0-0 8. Nbd2 Qe7 9. Bg2 Re8 10. 0-0 Ba3 11. Bc3 Bb4 12. e3 a5 13. a3 Bxc3 14. Qxc3 Nf8 15. Ne5 Ng6 16. f4 Nd7 17. Nxd7 Bxd7 18. e4 Rec8 19. Rfe1 Qd8 20. Qe3 Ne7 21. Rac1 Qf8 22. Nb1 Re8 23. Nc3 dxe4 24. Qxe4 Rab8 25. Na4 b6 26. Red1 Red8 27. Nc3 Nf5 28. a4 Qb4 29. Qb1 b5 30. axb5 cxb5 31. Na2 Qd6 32. c5 Qc7 33. Qe4 Rbc8 34. Qb7 Ne3 35. Qxc7 Rxc7 36. Rd2 Nxg2 37. Kxg2 f6 38. Kf2 Bc6 39. Ke3 Kf7 1/2-1/2

[Event "Landesliga Sued 0001"]
[Site "Bayern"]
[Date "2001.01.28"]
[Round "5"]
[White "Taimanov, Alexandre"]
[Black "Wengler, Joerg"]
[Result "0-1"]
[WhiteElo "2260"]
[BlackElo "2010"]
[PlyCount "76"]
[EventDate "2000.10.15"]
[EventType "team-tourn"]
[EventRounds "9"]
[EventCountry "GER"]
[SourceTitle "EXT 2020"]
[Source "ChessBase"]
[SourceDate "2019.10.17"]
[SourceVersion "1"]
[SourceVersionDate "2019.10.17"]
[SourceQuality "1"]
[WhiteTeam "Sendling SC"]
[BlackTeam "Muenchen FC Bayern II"]
[WhiteTeamCountry "GER"]
[BlackTeamCountry "GER"]

1. c4 c6 2. Nf3 d5 3. Qc2 Nf6 4. g3 g6 5. b3 Bg7 6. Bb2 0-0 7. Bg2 Re8 8. 0-0 Bg4 9. d4 Bf5 10. Qc1 Nbd7 11. Rd1 Rc8 12. Nbd2 Ne4 13. Nh4 Bh6 14. Nxf5 gxf5 15. e3 Nf8 16. Nf3 Ng6 17. Qc2 e6 18. Qe2 Qa5 19. a3 Qc7 20. Rac1 Qe7 21. b4 a6 22. c5 Kh8 23. Ne1 Rg8 24. f3 Nf6 25. Rc2 Bg7 26. Nd3 Nd7 27. e4 fxe4 28. fxe4 dxe4 29. Bxe4 Rcd8 30. Bxg6 hxg6 31. Qg4 Rgf8 32. Nf4 Kg8 33. Re2 Nf6 34. Qh4 Nd5 35. Qxe7 Nxe7 36. Rd3 Nf5 37. Re4 Rd7 38. g4 Ne7 0-1